00442nam a2200169Ia 4500003000400000005001700004008004100021020001800062040000700080041000800087082002200095100003600117245005000153260003800203300001800241365001300259OSt20230325104950.0210423s2006 xx 000 0 und d a9788131502266 cAL aeng a657.48 223bSTIE aSTICE (Earl K);STICE (James D). aFinancial accounting: reporting and analysis. aAustraliabCengage Learningc2006 axxiii,864bPB b516cINR